000 01078nam a2200277 4500
003 OSt
005 20260601193850.0
008 260508b1988 mx a|||| |||| 00| 0 spa d
040 _aICI
_bspa
_cICI
050 1 _aF1391.S23
_bS26 1988
245 1 _aSanta Clara del Cobre, Michoacán, México.
264 _bCompañía Minera de Cananea,
_c1988.
_aMéxico :
300 _a91 páginas
_c25cm
336 _atexto
_2rdacontent
337 _asin medio
_2rdamedia
338 _avolumen
_2rdacarrier
500 _aPublicación descriptiva e histórica sobre Santa Clara del Cobre, Michoacán.
650 _aArtesanías del cobre
_zMéxico
_zMichoacán.
_932116
650 _aIndustria minera
_xHistoria.
_zMéxico
_932117
650 _aArtesanías del cobre
_zMéxico
_zMichoacán.
_932116
650 _aIndustria minera
_xHistoria.
_zMéxico
_932117
651 _aSanta Clara del Cobre (Michoacán, México)
_xHistoria.
_932118
651 _aSanta Clara del Cobre (Michoacán, México)
_xDescripción y viajes.
_932119
651 _aMichoacán
_xHistoria local.
_932120
942 _2lcc
_cB
_n1
999 _c21809
_d21809